[Event "Qatar Masters Open 2014"]
[Site "Doha QAT"]
[Date "2014.12.03"]
[Round "8.56"]
[White "Gholami, Aryan"]
[Black "Shyam, Sundar M"]
[Result "0-1"]
[WhiteElo "2333"]
[BlackElo "2484"]
[PlyCount "54"]
[EventDate "2014.11.26"]
[EventType "swiss"]
[EventRounds "9"]
[EventCountry "QAT"]
[Source "lmi"]
[SourceDate "2014.11.26"]

1. d4 d5 2. Nf3 Nf6 3. Bf4 c5 4. e3 Nc6 5. Nc3 Bg4 6. dxc5 Qa5 7. Bb5 a6 8.
Bxc6+ bxc6 9. Qd4 Bxf3 10. gxf3 e6 11. b4 Qd8 12. Rg1 Nd7 13. Kd2 f6 14. Bd6
Bxd6 15. cxd6 Ne5 16. Ke2 O-O 17. Na4 Qxd6 18. Nc5 Rf7 19. a4 Nc4 20. a5 e5 21.
Qh4 Qb8 22. c3 Qb5 23. Ke1 d4 24. exd4 exd4 25. Qxd4 Ne5 26. Rg3 Re8 27. Ne4 f5
0-1

[Event "Qatar Masters Open 2014"]
[Site "Doha QAT"]
[Date "2014.12.03"]
[Round "8.57"]
[White "Abdumalik, Zhansaya"]
[Black "Tari, Aryan"]
[Result "0-1"]
[WhiteElo "2332"]
[BlackElo "2479"]
[PlyCount "116"]
[EventDate "2014.11.26"]
[EventType "swiss"]
[EventRounds "9"]
[EventCountry "QAT"]
[Source "lmi"]
[SourceDate "2014.11.26"]

1. e4 c5 2. Nf3 d6 3. d4 cxd4 4. Nxd4 Nf6 5. Nc3 a6 6. Bg5 Nbd7 7. f4 Qc7 8.
Qf3 h6 9. Bh4 g5 10. fxg5 hxg5 11. Bxg5 Qc5 12. Be3 Ne5 13. Qe2 Neg4 14. Bg1
Bh6 15. a3 Qb6 16. Nb3 Be3 17. Bxe3 Nxe3 18. Qd2 Be6 19. Bd3 Nfg4 20. h3 Ne5
21. Nd1 Nxd3+ 22. Qxd3 Nxg2+ 23. Kd2 Rc8 24. Qd4 Qxd4+ 25. Nxd4 Rxh3 26. Rxh3
Bxh3 27. Nf2 Nf4 28. Rh1 Bg2 29. Rh8+ Kd7 30. Rh7 Rf8 31. c4 Ne6 32. Ke3 Nxd4
33. Kxd4 f5 34. exf5 Rxf5 35. Nd3 b5 36. b3 bxc4 37. bxc4 Bf1 38. Nb4 Rf4+ 39.
Ke3 Rxc4 40. Nd5 Ke6 41. Nf4+ Kf6 42. Nd5+ Ke5 43. Nxe7 Rc3+ 44. Kf2 Bc4 45. a4
d5 46. Nc6+ Kd6 47. Rh6+ Kc5 48. Na5 Rc2+ 49. Ke3 d4+ 50. Ke4 Re2+ 51. Kf3 Re3+
52. Kf2 Re6 53. Rxe6 Bxe6 54. Ke2 Kb6 55. Kd3 Kxa5 56. Kxd4 Kxa4 57. Kc3 Ka3
58. Kc2 Bf5+ 0-1

[Event "Qatar Masters Open 2014"]
[Site "Doha QAT"]
[Date "2014.12.03"]
[Round "8.58"]
[White "Neelotpal, Das"]
[Black "Mammadzada, Gunay"]
[Result "1-0"]
[WhiteElo "2424"]
[BlackElo "2316"]
[PlyCount "47"]
[EventDate "2014.11.26"]
[EventType "swiss"]
[EventRounds "9"]
[EventCountry "QAT"]
[Source "lmi"]
[SourceDate "2014.11.26"]

1. e4 c5 2. Nc3 d6 3. g3 g6 4. Bg2 Bg7 5. d3 Nc6 6. Be3 e6 7. Qd2 Nd4 8. Nd1
Ne7 9. c3 Ndc6 10. Bh6 Bf6 11. Nh3 d5 12. exd5 exd5 13. O-O Ne5 14. d4 cxd4 15.
cxd4 Nf3+ 16. Bxf3 Bxh3 17. Re1 Be6 18. Nc3 Qd7 19. Qf4 Nf5 20. Nxd5 Bd8 21.
Rad1 Qd6 22. Nc3 Qxf4 23. Bxf4 O-O 24. Bxb7 1-0

[Event "Qatar Masters Open 2014"]
[Site "Doha QAT"]
[Date "2014.12.03"]
[Round "8.59"]
[White "Belouadah, Saad"]
[Black "Caprio, Guido"]
[Result "1-0"]
[WhiteElo "2305"]
[BlackElo "2401"]
[PlyCount "78"]
[EventDate "2014.11.26"]
[EventType "swiss"]
[EventRounds "9"]
[EventCountry "QAT"]
[Source "lmi"]
[SourceDate "2014.11.26"]

1. d4 Nf6 2. c4 b6 3. Nc3 Bb7 4. d5 e6 5. a3 Bd6 6. e4 Qe7 7. f3 c6 8. dxe6
dxe6 9. f4 e5 10. f5 Na6 11. Bd3 Nc5 12. Bc2 g6 13. b4 Ncd7 14. Nf3 gxf5 15.
Nh4 Qe6 16. Nxf5 Bf8 17. Qe2 Ng8 18. O-O Ne7 19. Bg5 f6 20. Rad1 Nxf5 21. exf5
Qf7 22. Bh4 O-O-O 23. Ne4 c5 24. Nd6+ Bxd6 25. Rxd6 cxb4 26. axb4 Rhg8 27. Be4
Bxe4 28. Qxe4 Nb8 29. c5 bxc5 30. bxc5 Qc7 31. Qd5 Rgf8 32. Rd1 Rxd6 33. cxd6
Qb6+ 34. Bf2 Qc6 35. d7+ Kd8 36. Qe6 Qc7 37. Bh4 Nxd7 38. Bxf6+ Kc8 39. Bxe5
Qb6+ 1-0

[Event "Qatar Masters Open 2014"]
[Site "Doha QAT"]
[Date "2014.12.03"]
[Round "8.60"]
[White "Nezad, Husein Aziz"]
[Black "Pourkashiyan, Atousa"]
[Result "1-0"]
[WhiteElo "2396"]
[BlackElo "2312"]
[PlyCount "63"]
[EventDate "2014.11.26"]
[EventType "swiss"]
[EventRounds "9"]
[EventCountry "QAT"]
[Source "lmi"]
[SourceDate "2014.11.26"]

1. d4 Nf6 2. c4 e6 3. Nf3 Bb4+ 4. Bd2 Bxd2+ 5. Qxd2 d5 6. g3 O-O 7. Bg2 c6 8.
O-O Nbd7 9. Rc1 b6 10. Qe3 Bb7 11. Nbd2 c5 12. dxc5 bxc5 13. Qa3 d4 14. b4 Qc7
15. bxc5 e5 16. Rab1 Nxc5 17. Rb5 Rfc8 18. Rcb1 Bxf3 19. Nxf3 Nfe4 20. Ng5 f5
21. Nxe4 Nxe4 22. Rb7 Qc5 23. Qxc5 Nxc5 24. Bd5+ Kh8 25. R7b5 Nd7 26. Bxa8 Rxa8
27. Rb7 Nf8 28. Rb8 Rxb8 29. Rxb8 Kg8 30. c5 Kf7 31. c6 Ne6 32. c7 1-0

[Event "Qatar Masters Open 2014"]
[Site "Doha QAT"]
[Date "2014.12.03"]
[Round "8.61"]
[White "Christiansen, Johan-Sebastian"]
[Black "Studer, Noel"]
[Result "1-0"]
[WhiteElo "2310"]
[BlackElo "2395"]
[PlyCount "63"]
[EventDate "2014.11.26"]
[EventType "swiss"]
[EventRounds "9"]
[EventCountry "QAT"]
[Source "lmi"]
[SourceDate "2014.11.26"]

1. c4 e6 2. g3 Nf6 3. Bg2 c5 4. Nf3 Be7 5. Nc3 a6 6. O-O O-O 7. d4 cxd4 8. Nxd4
Qc7 9. b3 d6 10. Bb2 Nc6 11. Rc1 Ne5 12. e3 Bd7 13. f4 Ng6 14. f5 Ne5 15. fxe6
fxe6 16. Bh3 Qc8 17. Na4 Bd8 18. c5 d5 19. c6 bxc6 20. Nc5 Re8 21. Ndxe6 Bxe6
22. Nxe6 Qb8 23. Qd4 Bc7 24. Nxg7 Kxg7 25. Rxf6 Kxf6 26. Qf4+ Kg7 27. Qg5+ Kh8
28. Qf6+ Kg8 29. Rf1 d4 30. Bxd4 c5 31. Qg5+ Kh8 32. Rf7 1-0

[Event "Qatar Masters Open 2014"]
[Site "Doha QAT"]
[Date "2014.12.03"]
[Round "8.62"]
[White "Nemcova, Katerina"]
[Black "Bologan, Viktor"]
[Result "0-1"]
[WhiteElo "2312"]
[BlackElo "2643"]
[PlyCount "59"]
[EventDate "2014.11.26"]
[EventType "swiss"]
[EventRounds "9"]
[EventCountry "QAT"]
[Source "lmi"]
[SourceDate "2014.11.26"]

1. c4 g6 2. Nc3 c5 3. Nf3 Bg7 4. e3 Nf6 5. d4 cxd4 6. exd4 d5 7. cxd5 Nxd5 8.
Qb3 Nb6 9. Bb5+ Bd7 10. O-O O-O 11. Rd1 Bg4 12. Be2 Nc6 13. Be3 Rc8 14. h3 Bxf3
15. Bxf3 Na5 16. Qb4 Nac4 17. Bg5 Nd6 18. b3 Nf5 19. Be3 Qd7 20. a4 Nh4 21. Be4
f5 22. Bg5 fxe4 23. Bxh4 Rf5 24. Rac1 Bh6 25. Rc2 e6 26. d5 Nxd5 27. Nxd5 exd5
28. Qb5 Rc6 29. g4 a6 30. Qe2 0-1

[Event "Qatar Masters Open 2014"]
[Site "Doha QAT"]
[Date "2014.12.03"]
[Round "8.63"]
[White "Ankit, R. Rajpara"]
[Black "Khademalsharieh, Sarasadat"]
[Result "1/2-1/2"]
[WhiteElo "2494"]
[BlackElo "2378"]
[PlyCount "75"]
[EventDate "2014.11.26"]
[EventType "swiss"]
[EventRounds "9"]
[EventCountry "QAT"]
[Source "lmi"]
[SourceDate "2014.11.26"]

1. d4 Nf6 2. c4 e6 3. Nc3 Bb4 4. Qc2 O-O 5. Nf3 c5 6. dxc5 Na6 7. g3 Nxc5 8.
Bg2 Nce4 9. O-O Nxc3 10. bxc3 Be7 11. e4 d6 12. e5 dxe5 13. Nxe5 Qc7 14. Qe2
Bd6 15. Re1 Nd7 16. Bf4 Nxe5 17. Bxe5 Rb8 18. Rad1 Bxe5 19. Qxe5 Qxe5 20. Rxe5
b6 21. c5 f6 22. cxb6 axb6 23. Re4 e5 24. Rb4 Be6 25. Rd6 Kf7 26. Ra4 Ke7 27.
Rc6 Bd7 28. Ra7 Ra8 29. Rcc7 Rxa7 30. Rxa7 Kd6 31. Rb7 b5 32. Bf1 Rc8 33. Bxb5
Bxb5 34. Rxb5 Rxc3 35. Rb7 g5 36. Rb6+ Ke7 37. Ra6 f5 38. h4 1/2-1/2

[Event "Qatar Masters Open 2014"]
[Site "Doha QAT"]
[Date "2014.12.03"]
[Round "8.64"]
[White "Batsiashvili, Nino"]
[Black "Liang, Awonder"]
[Result "1-0"]
[WhiteElo "2442"]
[BlackElo "2266"]
[PlyCount "103"]
[EventDate "2014.11.26"]
[EventType "swiss"]
[EventRounds "9"]
[EventCountry "QAT"]
[Source "lmi"]
[SourceDate "2014.11.26"]

1. d4 Nf6 2. c4 g6 3. Nc3 Bg7 4. e4 d6 5. Be2 O-O 6. Bg5 Na6 7. Qd2 e5 8. d5 c6
9. f3 cxd5 10. cxd5 Nc5 11. b4 Ncd7 12. Rc1 a6 13. Nh3 Nb6 14. Nf2 Bd7 15. O-O
Rc8 16. Nb1 Na4 17. Qe3 Rxc1 18. Rxc1 Qb8 19. Nd2 Nh5 20. g3 f5 21. exf5 gxf5
22. Qb3 h6 23. Bh4 Nf6 24. Nc4 Rc8 25. Rc2 b5 26. Ne3 f4 27. Neg4 Nxg4 28. fxg4
Qb6 29. Rxc8+ Bxc8 30. Qd3 Qe3 31. Qg6 Nc3 32. Qe8+ Kh7 33. Bd3+ e4 34. Bxe4+
Nxe4 35. Qxe4+ Qxe4 36. Nxe4 fxg3 37. Bxg3 Bb7 38. Nxd6 Bxd5 39. a3 Bb2 40. Ne8
Bxa3 41. Nf6+ Kg6 42. Nxd5 Kf7 43. Be1 Ke6 44. Nc7+ Ke5 45. Nxa6 Kf4 46. h3 Kf3
47. Kf1 Ke3 48. Nc7 Kf3 49. Nxb5 Bxb4 50. Bxb4 Kg3 51. Ke2 Kxh3 52. Kf3 1-0

[Event "Qatar Masters Open 2014"]
[Site "Doha QAT"]
[Date "2014.12.03"]
[Round "8.65"]
[White "Sardana, Rishi"]
[Black "Tomashevskaya, Lidia"]
[Result "1-0"]
[WhiteElo "2415"]
[BlackElo "2210"]
[PlyCount "87"]
[EventDate "2014.11.26"]
[EventType "swiss"]
[EventRounds "9"]
[EventCountry "QAT"]
[Source "lmi"]
[SourceDate "2014.11.26"]

1. e4 e5 2. Nf3 Nc6 3. Bb5 a6 4. Ba4 Nf6 5. O-O Be7 6. d3 b5 7. Bb3 d6 8. a3
O-O 9. Nc3 Bg4 10. Be3 Nd4 11. Bxd4 exd4 12. Nd5 c5 13. a4 Rc8 14. Nxf6+ Bxf6
15. Bd5 Qc7 16. axb5 axb5 17. Ra6 Be6 18. Bxe6 fxe6 19. Qa1 Rfe8 20. Re1 c4 21.
Qa3 d5 22. Ra7 Qb6 23. e5 Bd8 24. Ra6 Qb7 25. Ra7 Qb6 26. Ra1 Bc7 27. h4 b4 28.
Qa4 Qb8 29. Qd7 h6 30. Ra8 Qxa8 31. Rxa8 Rxa8 32. Qxc7 Rec8 33. Qb6 b3 34. Nxd4
bxc2 35. Nxc2 cxd3 36. Ne3 Kf7 37. Qd4 Ra2 38. Qxd3 Rxb2 39. f4 Rc1+ 40. Kh2
Rb4 41. f5 Rxh4+ 42. Kg3 Rh5 43. fxe6+ Kf8 44. Qa3+ 1-0

[Event "Qatar Masters Open 2014"]
[Site "Doha QAT"]
[Date "2014.12.03"]
[Round "8.66"]
[White "Nuri, Kambez"]
[Black "Asgarizadeh, Ahmad"]
[Result "0-1"]
[WhiteElo "2300"]
[BlackElo "2371"]
[PlyCount "60"]
[EventDate "2014.11.26"]
[EventType "swiss"]
[EventRounds "9"]
[EventCountry "QAT"]
[Source "lmi"]
[SourceDate "2014.11.26"]

1. e4 d6 2. d4 g6 3. Nc3 Bg7 4. Nf3 Nf6 5. h3 O-O 6. Be2 c5 7. dxc5 dxc5 8.
Qxd8 Rxd8 9. Be3 b6 10. e5 Ne8 11. Ng5 Bb7 12. e6 Bxc3+ 13. bxc3 f6 14. Nf7 Rc8
15. f4 Ng7 16. Nh6+ Kf8 17. O-O f5 18. g4 Be4 19. Rad1 Nc6 20. Bd3 Bxd3 21.
Rxd3 Rd8 22. Rfd1 Rxd3 23. cxd3 Rd8 24. gxf5 Nxf5 25. Nxf5 gxf5 26. d4 cxd4 27.
cxd4 Nb4 28. Kf2 Rd6 29. Bc1 Rxe6 30. d5 Rd6 0-1

[Event "Qatar Masters Open 2014"]
[Site "Doha QAT"]
[Date "2014.12.03"]
[Round "8.67"]
[White "Kathmale, Sameer"]
[Black "Kharous, Ernest"]
[Result "1-0"]
[WhiteElo "2267"]
[BlackElo "2358"]
[PlyCount "63"]
[EventDate "2014.11.26"]
[EventType "swiss"]
[EventRounds "9"]
[EventCountry "QAT"]
[Source "lmi"]
[SourceDate "2014.11.26"]

1. e4 e6 2. d4 b6 3. Nf3 Bb7 4. Bd3 Nf6 5. Nbd2 c5 6. c3 Nc6 7. a3 d5 8. e5 Nd7
9. b4 Be7 10. Qe2 Qc7 11. h4 O-O 12. Rb1 c4 13. Bc2 f6 14. b5 Na5 15. O-O fxe5
16. dxe5 Rac8 17. Re1 Nc5 18. g3 h5 19. Nd4 g5 20. hxg5 h4 21. Nf1 Ne4 22. Bxe4
dxe4 23. Nxe6 Qxe5 24. Nxf8 Rxf8 25. Qg4 Qf5 26. Qxf5 Rxf5 27. gxh4 Nb3 28. Ng3
Rxb5 29. Bf4 Bxa3 30. h5 Be7 31. h6 Bxg5 32. Bxg5 1-0

[Event "Qatar Masters Open 2014"]
[Site "Doha QAT"]
[Date "2014.12.03"]
[Round "8.68"]
[White "Chandra, Akshat"]
[Black "Salih, Akar Ali Salih"]
[Result "0-1"]
[WhiteElo "2489"]
[BlackElo "2284"]
[PlyCount "107"]
[EventDate "2014.11.26"]
[EventType "swiss"]
[EventRounds "9"]
[EventCountry "QAT"]
[Source "lmi"]
[SourceDate "2014.11.26"]

1. e4 e5 2. Nf3 Nc6 3. Bb5 a6 4. Ba4 Nf6 5. O-O Be7 6. Re1 b5 7. Bb3 O-O 8. a4
Bb7 9. d3 d6 10. Nbd2 Na5 11. Ba2 c5 12. Nf1 b4 13. Ng3 b3 14. cxb3 Nc6 15. Bd2
a5 16. Bc3 Re8 17. Nf5 Nb4 18. Bb1 Bf8 19. h3 g6 20. Ne3 Bg7 21. Nc4 Nh5 22.
Bd2 Ra6 23. Bg5 Qa8 24. Nfd2 h6 25. Be3 Nf4 26. Nf3 d5 27. Ncxe5 Nxg2 28. Kxg2
Bxe5 29. Nxe5 Rxe5 30. Bf4 Rh5 31. f3 Qc8 32. Rh1 Rf6 33. Qd2 Qe6 34. Bg3 dxe4
35. dxe4 Qxb3 36. Ra3 Qe6 37. Qe3 Nc6 38. Ba2 Qe7 39. Qd2 Nd4 40. Bb1 Rb6 41.
Rh2 Qg5 42. Rd3 Ba6 43. f4 Qf6 44. Re3 Ne6 45. Kh1 Nxf4 46. Rf3 g5 47. Bxf4
gxf4 48. Rxf4 Qg6 49. Rg4 Rg5 50. Rxg5 hxg5 51. Rg2 Rd6 52. Qxg5 Rd1+ 53. Kh2
Rd6 54. e5 0-1

[Event "Qatar Masters Open 2014"]
[Site "Doha QAT"]
[Date "2014.12.03"]
[Round "8.69"]
[White "Wang, Jue"]
[Black "Goh, Wei Ming Kevin"]
[Result "0-1"]
[WhiteElo "2353"]
[BlackElo "2442"]
[PlyCount "104"]
[EventDate "2014.11.26"]
[EventType "swiss"]
[EventRounds "9"]
[EventCountry "QAT"]
[Source "lmi"]
[SourceDate "2014.11.26"]

1. e4 e6 2. d4 d5 3. Nc3 Bb4 4. e5 c5 5. a3 Bxc3+ 6. bxc3 Ne7 7. Nf3 h6 8. h4
b6 9. Bb5+ Bd7 10. Bd3 c4 11. Be2 Ba4 12. h5 Kd7 13. Kf1 Nbc6 14. Rh4 Qg8 15.
Rg4 Qh7 16. Ra2 Raf8 17. Kg1 Kc7 18. Rg3 Rhg8 19. Rh3 Nf5 20. g4 Nfe7 21. Bf4
Qe4 22. Qd2 Kb7 23. Nh4 f6 24. exf6 gxf6 25. Bf3 Qh7 26. Bxh6 Rf7 27. Rg3 e5
28. Be2 Nd8 29. dxe5 fxe5 30. Nf3 Qh8 31. Bg5 Bc6 32. Qe3 d4 33. cxd4 Nd5 34.
Qd2 c3 35. Qc1 Ne6 36. Bh4 Ndf4 37. Bd1 exd4 38. Kh2 Nc5 39. Ng5 Rff8 40. Bf3
Qe5 41. Qh1 Rc8 42. Ra1 Rxg5 43. Re1 Qg7 44. Bxc6+ Rxc6 45. Bxg5 Qxg5 46. Qf3
Kc7 47. Re8 d3 48. Rc8+ Kxc8 49. Qxc6+ Kb8 50. Qe8+ Kb7 51. cxd3 Ka6 52. Qe3 c2
0-1

[Event "Qatar Masters Open 2014"]
[Site "Doha QAT"]
[Date "2014.12.03"]
[Round "8.70"]
[White "Gu, Xiaobing"]
[Black "L'Ami, Alina"]
[Result "1-0"]
[WhiteElo "2283"]
[BlackElo "2393"]
[PlyCount "57"]
[EventDate "2014.11.26"]
[EventType "swiss"]
[EventRounds "9"]
[EventCountry "QAT"]
[Source "lmi"]
[SourceDate "2014.11.26"]

1. e4 e6 2. d4 d5 3. Nd2 Nf6 4. e5 Nfd7 5. f4 c5 6. Ngf3 Nc6 7. Nb3 c4 8. Nbd2
b5 9. Be2 Qb6 10. Nf1 Be7 11. Ne3 a5 12. O-O Ba6 13. f5 O-O-O 14. b3 Ndxe5 15.
Nxe5 Nxe5 16. dxe5 d4 17. Nxc4 bxc4 18. Bxc4 Bxc4 19. bxc4 d3+ 20. Kh1 d2 21.
Bxd2 Bb4 22. Rb1 Qa6 23. c3 Bxc3 24. Qb3 Bxe5 25. Bxa5 Rd7 26. fxe6 fxe6 27.
Qb4 Qd6 28. Qb5 Ra7 29. Rfd1 1-0

[Event "Qatar Masters Open 2014"]
[Site "Doha QAT"]
[Date "2014.12.03"]
[Round "8.71"]
[White "Dimitrijevic, Aleksandra"]
[Black "Deac, Bogdan-Daniel"]
[Result "0-1"]
[WhiteElo "2323"]
[BlackElo "2385"]
[PlyCount "66"]
[EventDate "2014.11.26"]
[EventType "swiss"]
[EventRounds "9"]
[EventCountry "QAT"]
[Source "lmi"]
[SourceDate "2014.11.26"]

1. c4 e5 2. Nc3 Nf6 3. Nf3 Nc6 4. e3 d5 5. cxd5 Nxd5 6. Bb5 Nxc3 7. bxc3 Bd6 8.
d4 exd4 9. cxd4 O-O 10. a3 Bg4 11. h3 Bh5 12. Bb2 Ne7 13. Qb3 Nd5 14. e4 c6 15.
Bc4 Qa5+ 16. Kf1 Nb6 17. Bd3 Qa4 18. Qc3 f6 19. Nh4 c5 20. Nf5 cxd4 21. Qd2 Nc4
22. Bxc4+ Qxc4+ 23. Kg1 Rfd8 24. Rc1 Qe2 25. Qxe2 Bxe2 26. Bxd4 Bxa3 27. Rc7
Bf8 28. Be3 a5 29. Rxb7 a4 30. Kh2 a3 31. Ra1 Bc4 32. Ba7 Rd2 33. Nxg7 Ba6 0-1

[Event "Qatar Masters Open 2014"]
[Site "Doha QAT"]
[Date "2014.12.03"]
[Round "8.72"]
[White "Foisor, Sabina-Francesca"]
[Black "Gomes, Mary Ann"]
[Result "0-1"]
[WhiteElo "2270"]
[BlackElo "2355"]
[PlyCount "118"]
[EventDate "2014.11.26"]
[EventType "swiss"]
[EventRounds "9"]
[EventCountry "QAT"]
[Source "lmi"]
[SourceDate "2014.11.26"]

1. d4 Nf6 2. c4 e6 3. Nc3 Bb4 4. Qc2 O-O 5. Bg5 h6 6. Bh4 d5 7. e3 Nbd7 8. Nf3
c6 9. cxd5 exd5 10. Bd3 Qe8 11. O-O Bxc3 12. bxc3 Ne4 13. Nd2 g5 14. Bxe4 dxe4
15. Bg3 f5 16. f4 Nf6 17. fxg5 hxg5 18. Nc4 Be6 19. Ne5 Nd5 20. Bf2 b5 21. c4
bxc4 22. Nxc4 Nb4 23. Qc3 Nd3 24. Nb2 Nxb2 25. Qxb2 f4 26. Rac1 Bd5 27. Qd2 Qe6
28. Be1 Rf7 29. Qe2 f3 30. Qc2 Rb8 31. Qf2 Qg4 32. Qg3 Qxg3 33. Bxg3 Rb2 34.
Rf2 Rfb7 35. Rcc2 Rb1+ 36. Rf1 R7b2 37. Rxb2 Rxb2 38. Rf2 Rb1+ 39. Rf1 Rxf1+
40. Kxf1 Bxa2 41. Be1 g4 42. Kf2 Kf7 43. Kg3 Be6 44. gxf3 gxf3 45. Kf4 Bd5 46.
Kg3 Kg6 47. Ba5 Kf5 48. h4 Bg8 49. Be1 Bh7 50. Ba5 Ke6 51. Be1 Kd5 52. h5 Ke6
53. Bc3 Kf5 54. Be1 Kg5 55. h6 Kxh6 56. Kf4 a5 57. Ke5 a4 58. Kd6 a3 59. Kxc6
a2 0-1

[Event "Qatar Masters Open 2014"]
[Site "Doha QAT"]
[Date "2014.12.03"]
[Round "8.73"]
[White "Kanter, Eduard"]
[Black "Gaehwiler, Gabriel"]
[Result "0-1"]
[WhiteElo "2394"]
[BlackElo "2334"]
[PlyCount "82"]
[EventDate "2014.11.26"]
[EventType "swiss"]
[EventRounds "9"]
[EventCountry "QAT"]
[Source "lmi"]
[SourceDate "2014.11.26"]

1. d4 Nf6 2. c4 e6 3. Nf3 d5 4. g3 Be7 5. Bg2 O-O 6. O-O dxc4 7. Qc2 b5 8. a4
b4 9. Qxc4 a5 10. Qc2 Bb7 11. Nbd2 Nbd7 12. Nb3 Be4 13. Qd1 c5 14. dxc5 Nxc5
15. Nxc5 Bxc5 16. Bg5 h6 17. Qxd8 Raxd8 18. Bxf6 gxf6 19. Rac1 Bb6 20. Ne1 Bg6
21. Nd3 Bxd3 22. exd3 Rxd3 23. Rfd1 Rfd8 24. Rxd3 Rxd3 25. Be4 Rd2 26. Rc2
Bxf2+ 27. Kg2 Rxc2 28. Bxc2 Bd4 29. b3 f5 30. h3 Kg7 31. g4 fxg4 32. hxg4 h5
33. gxh5 Kh6 34. Bd1 f5 35. Kg3 Kg5 36. Be2 e5 37. Bf3 e4 38. Bd1 f4+ 39. Kh3
f3 40. h6 Kf4 41. h7 e3 0-1

[Event "Qatar Masters Open 2014"]
[Site "Doha QAT"]
[Date "2014.12.03"]
[Round "8.74"]
[White "Gara, Ticia"]
[Black "Guramishvili, Sopiko"]
[Result "1/2-1/2"]
[WhiteElo "2326"]
[BlackElo "2388"]
[PlyCount "64"]
[EventDate "2014.11.26"]
[EventType "swiss"]
[EventRounds "9"]
[EventCountry "QAT"]
[Source "lmi"]
[SourceDate "2014.11.26"]

1. e4 c5 2. Nc3 d6 3. Nge2 Nf6 4. g3 g6 5. Bg2 Bg7 6. d4 cxd4 7. Nxd4 O-O 8.
O-O Bg4 9. Nde2 Nc6 10. h3 Bd7 11. Nd5 Ne5 12. c3 Bb5 13. a4 Bc6 14. Nef4 Nfd7
15. Nb4 a5 16. Nxc6 bxc6 17. Qe2 Rb8 18. Rd1 Qc7 19. Nd3 Nxd3 20. Qxd3 c5 21.
Bf1 Rfc8 22. Qc4 Nb6 23. Qe2 Qd7 24. Qb5 Qa7 25. Qa6 Qxa6 26. Bxa6 Rc7 27. Be3
Nc8 28. Rab1 Rb6 29. Bb5 Na7 30. c4 Nc6 31. Bd2 Ra7 32. Bxc6 Rxc6 1/2-1/2

[Event "Qatar Masters Open 2014"]
[Site "Doha QAT"]
[Date "2014.12.03"]
[Round "8.75"]
[White "Kochetkova, Julia"]
[Black "Zhai, Mo"]
[Result "1/2-1/2"]
[WhiteElo "2345"]
[BlackElo "2325"]
[PlyCount "145"]
[EventDate "2014.11.26"]
[EventType "swiss"]
[EventRounds "9"]
[EventCountry "QAT"]
[Source "lmi"]
[SourceDate "2014.11.26"]

1. e4 c5 2. Nf3 d6 3. Bb5+ Nc6 4. O-O Bd7 5. Re1 Nf6 6. h3 a6 7. Bf1 e5 8. c3
b5 9. d4 Be7 10. a4 c4 11. b3 cxb3 12. axb5 axb5 13. Rxa8 Qxa8 14. Qxb3 O-O 15.
d5 Na5 16. Qb4 Nc4 17. Bxc4 bxc4 18. Qxc4 Rb8 19. Na3 Bd8 20. Qd3 Qa4 21. Nd2
Bb6 22. Nac4 Bc5 23. Qf3 Qc2 24. Na5 Ra8 25. Nab3 Bb6 26. Qe2 Qxc3 27. Qc4 Qg3
28. Nc5 Bxc5 29. Qxc5 Qg6 30. Qe3 Nh5 31. Qf3 Nf4 32. Kh1 Ra1 33. Nb3 Rb1 34.
Nd2 Rb4 35. Nf1 Rb3 36. Be3 f5 37. Ng3 fxe4 38. Qxe4 Qf7 39. Bxf4 exf4 40. Nf1
f3 41. g4 Qf6 42. Ng3 Ra3 43. Kg1 Ra8 44. Nh5 Qc3 45. Qe3 Qxe3 46. Rxe3 Rf8 47.
Kh2 Bb5 48. Re6 Rd8 49. Re7 Rd7 50. Rxd7 Bxd7 51. Kg3 Bb5 52. Kxf3 Kf7 53. Ng3
Kf6 54. Ke4 Ba4 55. f4 h6 56. Kd4 Bc2 57. h4 g6 58. g5+ hxg5 59. fxg5+ Kf7 60.
Nf1 Bd1 61. Ne3 Bf3 62. Nc2 Bd1 63. Ne1 Be2 64. Nd3 Bd1 65. Nf4 Bc2 66. Kc4 Ba4
67. Kb4 Be8 68. Ka5 Ke7 69. Kb6 Kd7 70. Kb7 Bf7 71. h5 gxh5 72. g6 Bg8 73. Nxh5
1/2-1/2

[Event "Qatar Masters Open 2014"]
[Site "Doha QAT"]
[Date "2014.12.03"]
[Round "8.76"]
[White "Ni, Shiqun"]
[Black "Zhu, Chen"]
[Result "1-0"]
[WhiteElo "2262"]
[BlackElo "2447"]
[PlyCount "115"]
[EventDate "2014.11.26"]
[EventType "swiss"]
[EventRounds "9"]
[EventCountry "QAT"]
[Source "lmi"]
[SourceDate "2014.11.26"]

1. e4 e5 2. Nf3 Nc6 3. Bc4 Bc5 4. c3 Nf6 5. d3 O-O 6. O-O d5 7. exd5 Nxd5 8.
Re1 Bg4 9. h3 Bh5 10. Nbd2 Nb6 11. Bb5 Bd6 12. Ne4 Ne7 13. d4 exd4 14. Nxd6
cxd6 15. g4 Bg6 16. Nxd4 Ned5 17. Qf3 a6 18. Bf1 Re8 19. Bd2 Re5 20. Rad1 Qe7
21. Qg3 Nf6 22. f4 Rxe1 23. Rxe1 Be4 24. g5 Nfd7 25. c4 Re8 26. Bb4 Nc5 27. Ba5
Qd8 28. b4 Ncd7 29. Qe3 Kf8 30. c5 dxc5 31. bxc5 Nd5 32. Bxd8 Nxe3 33. Rxe3
Rxd8 34. Rxe4 Nxc5 35. Re5 Rxd4 36. Rxc5 Rxf4 37. Rc8+ Ke7 38. Rc7+ Kd6 39.
Rxb7 a5 40. Kg2 h6 41. gxh6 gxh6 42. Rb6+ Ke7 43. Bb5 a4 44. Kg3 Re4 45. Ra6
Re3+ 46. Kg4 h5+ 47. Kf4 Rxh3 48. Bxa4 Ra3 49. Bb5 Rc3 50. a4 f6 51. Ra7+ Ke6
52. Rh7 Rc5 53. Kg3 Rg5+ 54. Kh4 Rg4+ 55. Kxh5 Rg1 56. Rc7 Kf5 57. Rc5+ Ke4 58.
a5 1-0

[Event "Qatar Masters Open 2014"]
[Site "Doha QAT"]
[Date "2014.12.03"]
[Round "8.77"]
[White "Sukandar, Irine Kharisma"]
[Black "Lammers, Markus"]
[Result "1-0"]
[WhiteElo "2407"]
[BlackElo "2327"]
[PlyCount "79"]
[EventDate "2014.11.26"]
[EventType "swiss"]
[EventRounds "9"]
[EventCountry "QAT"]
[Source "lmi"]
[SourceDate "2014.11.26"]

1. e4 g6 2. d4 Bg7 3. Nc3 d6 4. h3 a6 5. Nf3 Nd7 6. Be3 b5 7. a4 b4 8. Ne2 c5
9. Ng3 cxd4 10. Bxd4 Ngf6 11. Bc4 O-O 12. O-O Bb7 13. Re1 Qc7 14. b3 e5 15. Bb2
Rfe8 16. Qd2 Nc5 17. Qxb4 Nfxe4 18. Nxe4 Nxe4 19. Rad1 a5 20. Qa3 Rad8 21. Re2
d5 22. Bb5 Re6 23. Qa1 h6 24. Rde1 Kh7 25. c4 f5 26. cxd5 Bxd5 27. Rc1 Qb8 28.
Rec2 Re7 29. Ba3 Nd6 30. Bc4 e4 31. Nd4 Bxc4 32. bxc4 Rb7 33. Bb2 Rxb2 34. Rxb2
Qc8 35. Nb5 Nxc4 36. Qa2 Qe6 37. Rbc2 e3 38. Qxc4 Qxc4 39. Rxc4 e2 40. Re1 1-0

[Event "Qatar Masters Open 2014"]
[Site "Doha QAT"]
[Date "2014.12.04"]
[Round "9.4"]
[White "Ding, Liren"]
[Black "Adhiban, Baskaran"]
[Result "1/2-1/2"]
[WhiteElo "2730"]
[BlackElo "2630"]
[PlyCount "97"]
[EventDate "2014.11.26"]
[EventType "swiss"]
[EventRounds "9"]
[EventCountry "QAT"]
[Source "lmi"]
[SourceDate "2014.11.26"]

1. d4 d5 2. c4 e6 3. Nc3 c6 4. e4 dxe4 5. Nxe4 Bb4+ 6. Nc3 c5 7. a3 Ba5 8. Nge2
cxd4 9. Qxd4 Nf6 10. Qxd8+ Bxd8 11. h3 O-O 12. Be3 e5 13. g4 Be6 14. Bg2 Nc6
15. b3 h5 16. g5 Nd7 17. O-O-O Bb6 18. Bxb6 axb6 19. Kb2 Na5 20. Nd5 Nc5 21.
Nc1 Ncxb3 22. Nxb3 Nxc4+ 23. Kc3 Nxa3 24. Ne7+ Kh7 25. Bd5 Rae8 26. Be4+ g6 27.
Kb4 Rxe7 28. Kxa3 f6 29. gxf6 Rxf6 30. f3 Bf5 31. Rd3 Kh6 32. Nd2 Ree6 33. Rc3
Rd6 34. Rh2 b5 35. h4 Rd4 36. Kb2 Rfd6 37. Kc1 Ra4 38. Rc5 Bxe4 39. Nxe4 Ra1+
40. Kb2 Rda6 41. Rh3 R6a2+ 42. Kb3 Ra3+ 43. Kb4 Re3 44. Ng5 b6 45. Rxb5 Rd1 46.
Ka4 Ra1+ 47. Kb4 Rd1 48. Ka4 Ra1+ 49. Kb4 1/2-1/2